| 000 | 00278 a2200121 4500 | ||
|---|---|---|---|
| 999 |
_c320516 _d320516 |
||
| 001 | 85443 | ||
| 003 | NUST | ||
| 005 | 20180119194026.0 | ||
| 008 | 180119b xxu||||| |||| 00| 0 eng d | ||
| 082 | _a982.6 HUS | ||
| 100 |
_aAshfaq Hussain _99148 |
||
| 245 | _aBurf Ke Qaidi | ||
| 250 | _a1st | ||
| 260 |
_aLahore _bIdara matboaat-e-sulemani _c2011 |
||
| 942 |
_aNUST-CAE _cBK _k982.6 HUS _2ddc |
||